Detalles MARC
| 000 -ENCABEZADO |
| Número de control [NR] |
02002nam a22003617a 4500 |
| 008 - DE LONGITUD FIJA DE DATOS DE ELEMENTOS - INFORMACIÓN GENERAL |
| Elementos de longitud fija [NR] |
130821s1914 sp gr spa |
| 040 ## - FUENTE DE CATALOGACION [NR] |
| Agencia de catalogación original [NR] |
Co-BoUCM |
| Idioma de catalogación [NR] |
spa |
| 041 00 - CODIGO DE IDIOMA [R] |
| Código de idioma para texto/pista de sonido o título separado [R] |
Español |
| 100 ## - ASIENTO PRINCIPAL--NOMBRE PERSONAL [NR] |
| Nombre personal [NR] |
Alvarez Del MANZANO Y ALVAREZ RIVERA, Faustino |
| ID Autoridad |
150325 |
| 245 00 - MENCION DE TITULO [NR] |
| Título [NR] |
Código de comercio españoles y extranjeros y leyes modificativas y complementarias de los mismos |
| Parte restante del título [NR] |
comentados, concordados y anotados o estudios fundamentales de derecho mercantil universal |
| Mención de responsabilidad, etc. [NR] |
Faustino Alvarez del Manzano y Alvarez Rivera, Faustino, Adolfo Bonilla y San Martín y Emilio Miñana y Villagrasa |
| 260 ## - PUBLICACION, DISTRIBUCION, ETC. (PIE DE IMPRENTA) [R] |
| Lugar de publicación, distribución, etc. [R] |
Madrid (España) |
| Nombre del editor, distribuidor, etc. [R] |
Librería General de Victoriano Suárez |
| Fecha de publicación, distribución, etc. [R] |
1914 |
| 300 ## - DESCRIPCION FISICA [R] |
| Extensión [R] |
6 volúmenes |
| 500 ## - NOTA GENERAL [R] |
| Nota general [NR] |
Contenido: v.1: De los comerciantes y de los actos de comercio. -- v.2: Del registro mercantil. Apendices. -- v.3: De los libros y de la contabilidad del comercio. Apendice. -- v.4: Nombre comercial. Asociación comercial. -- v.5: Disposiciones generales sobre los contratos de comercio. Apendice de la competencia ilicito. -- v.6: De los lugares y casos de contabilidad mercantil. De los agentes mediadores del comercio y de sus obligaciones respectivas |
| 650 04 - ASIENTO SECUNDARIO DE MATERIA - TERMINO TEMATICO [R] |
| Término temático o nombre geográfico como elemento de entrada [NR] |
Competencia económica desleal |
| 9 (RLIN) |
11260 |
| 650 04 - ASIENTO SECUNDARIO DE MATERIA - TERMINO TEMATICO [R] |
| Término temático o nombre geográfico como elemento de entrada [NR] |
Contratos comerciales |
| 9 (RLIN) |
11829 |
| 650 04 - ASIENTO SECUNDARIO DE MATERIA - TERMINO TEMATICO [R] |
| Término temático o nombre geográfico como elemento de entrada [NR] |
Derecho comercial |
| 9 (RLIN) |
12717 |
| 650 04 - ASIENTO SECUNDARIO DE MATERIA - TERMINO TEMATICO [R] |
| Término temático o nombre geográfico como elemento de entrada [NR] |
Derecho comercial |
| Subdivisión general [R] |
Filosofía |
| 9 (RLIN) |
12717 |
| 650 04 - ASIENTO SECUNDARIO DE MATERIA - TERMINO TEMATICO [R] |
| Término temático o nombre geográfico como elemento de entrada [NR] |
Derecho comercial |
| Subdivisión general [R] |
Historia |
| 9 (RLIN) |
12717 |
| 650 04 - ASIENTO SECUNDARIO DE MATERIA - TERMINO TEMATICO [R] |
| Término temático o nombre geográfico como elemento de entrada [NR] |
Derecho comparado |
| 9 (RLIN) |
12722 |
| 650 04 - ASIENTO SECUNDARIO DE MATERIA - TERMINO TEMATICO [R] |
| Término temático o nombre geográfico como elemento de entrada [NR] |
Derecho |
| Subdivisión general [R] |
Historia y crítica |
| 9 (RLIN) |
7494 |
| 650 04 - ASIENTO SECUNDARIO DE MATERIA - TERMINO TEMATICO [R] |
| Término temático o nombre geográfico como elemento de entrada [NR] |
Filosofía |
| 9 (RLIN) |
75 |
| 650 04 - ASIENTO SECUNDARIO DE MATERIA - TERMINO TEMATICO [R] |
| Término temático o nombre geográfico como elemento de entrada [NR] |
Historia |
| 9 (RLIN) |
7695 |
| 650 04 - ASIENTO SECUNDARIO DE MATERIA - TERMINO TEMATICO [R] |
| Término temático o nombre geográfico como elemento de entrada [NR] |
Jurisprudencia comercial |
| 9 (RLIN) |
18178 |
| 650 04 - ASIENTO SECUNDARIO DE MATERIA - TERMINO TEMATICO [R] |
| Término temático o nombre geográfico como elemento de entrada [NR] |
Regulación del comercio exterior |
| 9 (RLIN) |
23371 |
| 650 04 - ASIENTO SECUNDARIO DE MATERIA - TERMINO TEMATICO [R] |
| Término temático o nombre geográfico como elemento de entrada [NR] |
Seguros |
| 9 (RLIN) |
8084 |
| 650 04 - ASIENTO SECUNDARIO DE MATERIA - TERMINO TEMATICO [R] |
| Término temático o nombre geográfico como elemento de entrada [NR] |
Sociedades comerciales |
| 9 (RLIN) |
24740 |
| 650 04 - ASIENTO SECUNDARIO DE MATERIA - TERMINO TEMATICO [R] |
| Término temático o nombre geográfico como elemento de entrada [NR] |
Tribunales mercantiles |
| 9 (RLIN) |
25881 |
| 650 04 - ASIENTO SECUNDARIO DE MATERIA - TERMINO TEMATICO [R] |
| Término temático o nombre geográfico como elemento de entrada [NR] |
Ventas |
| 9 (RLIN) |
26141 |
| 700 ## - ASIENTO SECUNDARIO - NOMBRE PERSONAL [R] |
| Nombre personal [NR] |
Bonilla y San Martín, Adolfo |
| 9 (RLIN) |
145977 |
| 700 ## - ASIENTO SECUNDARIO - NOMBRE PERSONAL [R] |
| Nombre personal [NR] |
Miñana y Villagrasa, Emilio |
| 9 (RLIN) |
84005 |
| 942 ## - ELEMENTOS DE ENTRADA AGREGADOS (KOHA) |
| Tipo de ítem principal el descrito en 300a |
Libro |
| Tema principal |
Derecho |
| Edición |
1 |
| Parte restante de la signatura top. |
A473C |
| Título oculto en OPAC |
No |
| Sistema de clasificación |
DEWEY |
| Clasificación |
346.07 |